000
00231nam a2200097Ia 4500
008
220204s9999 xx 000 0 und d
082
_a
065
_b
RES
245
0
_a
R and D management. Pt 1
260
_b
Harward College
_c
1957
942
_c
BK
999
_c
37298
_d
37298